00468pab a2200133 454500008004000000100001600040245010500056260000900161300001100170362001400181650004400195700001700239773007800256180718b1989 xxu||||| |||| 00| 0 eng d aPatil, J.F. aFinancing problems of urban local bodies in South Maharashtra with special reference to octroi issue c1989 a176-83 aOct.-Dec. aMunicipal Finance - India - Maharashtra aV.V. Upadhya aQuarterly Journal of the All - India Institute of Local Self - Government